| 000 | 00422nam a2200145Ia 4500 | ||
|---|---|---|---|
| 999 |
_c18226 _d18226 |
||
| 082 | _aTB.0078 | ||
| 100 | _aBasu, Sajal Kumar | ||
| 245 | 0 | _aPolitics of violence: studies with reference to West Bengal | |
| 260 |
_c1976 _bUniversity of Calcutta |
||
| 300 | _a283 | ||
| 650 |
_aViolence _vPolitical aspects _zWest bengal |
||
| 650 | _aNaxalite movement | ||
| 650 |
_aWest bengal _vPolitics and government |
||
| 942 |
_cTH _2ddc |
||